<?xml version="1.0" encoding="UTF-8"?>
<marc:record xmlns:marc="http://www.loc.gov/MARC21/slim">
   <marc:leader>00000nam a2200000 a 4500</marc:leader>
   <marc:datafield ind1="1" ind2=" " tag="100">
      <marc:subfield code="a">Cage, Nicolas</marc:subfield>
   </marc:datafield>
   <marc:datafield ind1="0" ind2="0" tag="245">
      <marc:subfield code="a">Left Behind</marc:subfield>
   </marc:datafield>
   <marc:datafield ind1=" " ind2="1" tag="264">
      <marc:subfield code="b">Stoney Lake Entertainment</marc:subfield>
      <marc:subfield code="c">2014</marc:subfield>
   </marc:datafield>
   <marc:datafield ind1="1" ind2=" " tag="520">
      <marc:subfield code="a">Das Unvorstellbare geschieht, die Erde bebt infernalisch und danach sind alle Kinder und gläubigen Menschen wie vom Erdboden verschluckt. Übrig bleiben die Ungläubigen und grenzenlose Panik. Züge entgleisen, Busse rasen über Autobahn-Leitplanken, Geschäfte werden geplündert und die Krankenhäuser sind in Kürze überfüllt. Rayford Steele (N. Cage) ist als Pilot gerade in der Luft unterwegs und sieht in diesem Moment sein Leben in Trümmern liegen. Seine gläubige Frau (Lea Thompson) ist verschwunden, seine Tochter (Cassi Thomson) hat sich enttäuscht von ihm abgewandt. Doch Rayford steht in der Verantwortung und muss das Leben der übrig gebliebenen Passagiere und seine Besetzung retten, komme was da wolle.</marc:subfield>
   </marc:datafield>
   <marc:datafield ind1=" " ind2=" " tag="020">
      <marc:subfield code="a">4260318088664</marc:subfield>
      <marc:subfield code="9">4260318088664</marc:subfield>
   </marc:datafield>
   <marc:datafield ind1="0" ind2=" " tag="490">
      <marc:subfield code="v">0</marc:subfield>
   </marc:datafield>
   <marc:datafield ind1=" " ind2=" " tag="300">
      <marc:subfield code="a">ca 105 Min.</marc:subfield>
   </marc:datafield>
</marc:record>
